|
|
|
|
| LEADER |
00816nam a2200217 a 4500 |
| 001 |
000560843 |
| 003 |
CZ BrMZK |
| 005 |
20030704133138.0 |
| 008 |
010907s1946 xr f cze d |
| 040 |
|
|
|a BOA001
|b cze
|c BOA001
|
| 100 |
1 |
|
|a Cyrus, Bohumil,
|d 1905-1963
|7 jk01020894
|
| 245 |
1 |
0 |
|a Mapa čistoty toků v povodí Labe, Dunaje a Odry /
|c vyprac. Bohumil Cyrus, Záviš Cyrus.
|
| 260 |
|
|
|a V Praze :
|b Státní ústav hydrologický,
|c 1946
|
| 300 |
|
|
|a 5 s., mp. příl.
|
| 700 |
1 |
|
|a Cyrus, Záviš,
|d 1907-1971
|7 jk01020896
|
| 910 |
|
|
|a BOA001
|b PK-III-0021.017
|
| 964 |
|
|
|a Labe - povodí - čistota toku
|
| 964 |
|
|
|a Odra - povodí - čistota toku
|
| 964 |
|
|
|a Dunaj - povodí - čistota toku
|
| 990 |
|
|
|a BK
|
| 996 |
7 |
|
|b 3119688797
|c PK-III-0021.017
|l MZK
|r Sklad / do 1 hodiny
|n 3
|w 000560843
|u 000010
|a 1
|e BOA001
|j MZK50
|s A
|